Statistics for World Capitals Closest to Ulaanbaatar

Click here to take the quiz!

General Stats

  • This quiz has been taken 707 times
  • The average score is 16 of 20

Answer Stats

kmcapitalmiles% Correct
1172Beijing728
99%
1996Seoul1240
96%
1806Pyongyang1122
94%
3011Tokyo1871
94%
2563Astana1593
86%
2996Hanoi1862
86%
3332New Delhi2070
86%
3853Bangkok2394
83%
3223Islamabad2003
83%
2924Kathmandu1817
83%
2849Taipei1771
83%
3450Kabul2144
82%
2563Bishkek1593
79%
3044Tashkent1892
78%
3359Vientiane2087
75%
3056Dhaka1899
72%
3930Manila2442
71%
3229Dushanbe2006
70%
2726Thimphu1694
69%
3285Naypyitaw2041
58%

Score Distribution

Percentile by Number Answered

Percent of People with Each Score

Your Score History

You have not taken this quiz